000 00667nam a22001937a 4500
005 20251108165025.0
008 250721s1987 xx 000 0 ara d
082 1 4 _a216.1/صلا
100 1 _aصلاح الدين العلائي، أبو سعيد خليل بن كيكلدى
245 1 0 _aإجمال الإصابة في أقوال الصحابة /
264 1 _aالكويت :
_bمركز المخطوطات و التراث،
_c1987.
300 _a104ص
650 1 7 _aالإسلام
650 1 7 _aالفقه الإسلامي
650 1 7 _aأصول الفقه
700 1 _aالأشقر، محمد سليمان
_eتحقيق
942 _2ddc
_cBK
999 _c20184
_d20184